| 000 | 00527nam a2200169 i 4500 | ||
|---|---|---|---|
| 001 | 133978 | ||
| 003 | ES-MaACL | ||
| 005 | 20230906194554.0 | ||
| 007 | t| | ||
| 008 | 070904s1980 sp ||||1| eng d | ||
| 100 | 1 |
_aWang Chun. _9116048 |
|
| 245 | 1 | 0 |
_aChinese communist United Front and economic plunder of overseas chinese / _cby Wang Chun. |
| 260 |
_a[S.l.] : _bWorld Anti-Communist League, _c1980. |
||
| 300 |
_a89 p. ; _c19 cm. |
||
| 710 | 2 |
_aWorld Anti-Communist League. _97573 |
|
| 852 |
_aES-MaACL _jF-8760 _bR.100877 |
||
| 999 |
_c133978 _d133978 |
||